DFB Rekordtorschützen - Statistiken

Allgemein
  • Dieses Quiz wurde 355 mal gespielt
  • Das Durchschnittsergebnis liegt bei 9 aus 15
Antwortstatistiken
Tore Antwort % Korrekt
68 Gerd Müller
99%
43 Thomas Müller
99%
71 Miroslav Klose
96%
49 Lukas Podolski
79%
47 Jürgen Klinsmann
70%
31 Mario Gomez
68%
45 Karl Heinz Rummenigge
60%
47 Rudi Völler
59%
43 Uwe Seeler
57%
42 Michael Ballack
55%
37 Oliver Bierhoff
41%
33 Fritz Walter
40%
32 Klaus Fischer
32%
34 Ulf Kirsten
26%
59 Joachim Streich
15%
Keine übereinstimmenden Quizze gefunden
Verteilung der Resultate
Anzahl Personen mit jedem Resultat
Perzentil nach korrekt beantworteten Fragen
Ihre Resultats-Entwicklung
Sie haben dieses Quiz noch nicht gespielt